Ortschaften des Kantons Genf - Statistiken

Allgemein
  • Dieses Quiz wurde 45 mal gespielt
  • Das Durchschnittsergebnis liegt bei 24 aus 56
Antworten auf der Karte
Die Antworten werden auf der Karte rot bzw. grün angezeigt, abhängig davon wie oft sie richtig erraten wurden.
 
Antwortstatistiken
Einwohner Ortschaft % Korrekt
202'262 Genf
95%
8'266 Vernier
74%
22'311 Carouge
63%
18'886 Onex
63%
16'690 Thônex
63%
10'836 Bernex
58%
12'798 Le Grand-Saconnex
58%
24'618 Meyrin
58%
11'859 Chêne-Bougeries
53%
9'450 Chêne-Bourg
53%
2'896 Genthod
53%
533 Gy
53%
13'963 Versoix
53%
1'757 Avully
47%
4'104 Bellevue
47%
1'630 Chancy
47%
1'236 Hermance
47%
1'190 Jussy
47%
16'885 Petit-Lancy
47%
530 Russin
47%
4'444 Satigny
47%
961 Soral
47%
2'958 Vandœuvres
47%
6'110 Veyrier
47%
2'589 Aïre
42%
1'160 Aire-la-Ville
42%
2'521 Anières
42%
874 Céligny
42%
2'952 Collonge-Bellerive
42%
4'562 Confignon
42%
2'282 Corsier
42%
711 Dardagny
42%
19'352 Grand-Lancy
42%
662 Laconnex
42%
1'142 La Plaine
42%
11'584 Plan-les-Ouates
42%
2'558 Puplinge
42%
1'422 Athenaz (Avusy)
37%
1'079 Cartigny
37%
1'580 Collex
37%
6'908 Le Lignon
37%
2'079 Meinier
37%
3'219 Perly
37%
4'042 Chambésy
32%
1'247 Choulex
32%
6'024 Cologny
32%
5'578 Les Avanchets
32%
3'470 Troinex
32%
13'532 Châtelaine
26%
2'550 La Croix-de-Rozon
26%
726 Presinge
26%
5'678 Vésenaz
26%
5'809 Vessy
26%
2'969 Cointrin
21%
2'017 Conches
21%
4'371 Les Acacias
16%
Keine übereinstimmenden Quizze gefunden
Verteilung der Resultate
Anzahl Personen mit jedem Resultat
Perzentil nach korrekt beantworteten Fragen
Ihre Resultats-Entwicklung
Sie haben dieses Quiz noch nicht gespielt